000 01850nam a22003257a 4500
001 4592
003 FISKH
005 20240917142953.0
008 240917b cb ||||| |||| 00| 0 eng d
020 _a9789995001902
040 _aFISKH
_bKhmer
_cFISKH
_dFISKH
050 _aPZ7
082 _a800
100 _aCheung, Yim
_eauthor
245 _aចៅតុំនិងលោកតាមេឃុំ /
_cby Yim Cheung
250 _aបោះពុន្ពលើកទី១ឆ្នាំ២០១៣
260 _aភ្នំពេញ :
_bគ្រឺះស្ថានបោះពុម្ពនិងចែកផ្សាយ ;
_c២០១៣ .
300 _a16 pages :
_bcolor illustrations ;
_c18 cm .
490 _aរឿងនិទានអប់រំសម្រាប់កុមារ
505 _aQ
520 _aតុំជាក្មេងម្នាក់នៅក្នុងភូមិដែលមានលោកមេឃុំស្រលាញ់រាប់អានដោយសារតែក្មេងនេះតែងតែធ្វើអោយគាត់សប្បាយ​ ម៉្យាងទៀតគាត់ប្រើវាបានគ្រប់យ៉ាងហើយបានអោយរង្វាន់ជាថ្នៅរយកទៅចិញ្ចឺមម្តាយផង ។
520 _aTom is a child in the village who is loved by the commune chief because he always makes him happy, on the other hand, he uses it all and gives a reward as a nursery to feed his mother.
521 8 _a660
_bLexile estimate
521 8 _aQ
_bRaz-Plus
650 _aលោកតាមេឃុំ
_vរឿងនិទានកុមារ
650 _aCommune Chief
_vchildren's stories
700 _aVisal , Seng
_eillustrator
942 _2ddc
_cKHB
_n0
999 _c4592
_d4592